All Pokémon in the Water 3 egg group - Statistics

General Stats
  • This quiz has been taken 12 times
  • The average score is 30 of 37
Answer Stats
Generation Pokémon % Correct
I Cloyster
100%
I Kingler
100%
I Krabby
100%
I Shellder
100%
I Tentacool
100%
I Tentacruel
100%
VI Barbaracle
86%
VI Binacle
86%
V Carracosta
86%
VI Clauncher
86%
VI Clawitzer
86%
III Corphish
86%
II Corsola
86%
VII Crabominable
86%
VII Crabrawler
86%
III Crawdaunt
86%
I Kabuto
86%
I Kabutops
86%
I Starmie
86%
I Staryu
86%
V Tirtouga
86%
IX Wiglett
86%
IX Wugtrio
86%
III Anorith
71%
III Armaldo
71%
III Cradily
71%
VIII Cursola
71%
VII Golisopod
71%
III Lileep
71%
I Omanyte
71%
I Omastar
71%
VII Wimpod
71%
V Archen
57%
V Archeops
57%
IV Drapion
57%
IX Klawf
57%
IV Skorupi
57%
No matching quizzes found
Score Distribution
Percent of People with Each Score
Percentile by Number Answered
Your Score History
You have not taken this quiz